<?xml version="1.0" encoding="UTF-8"?>
<record
    xmlns:xsi="http://www.w3.org/2001/XMLSchema-instance"
    xsi:schemaLocation="http://www.loc.gov/MARC21/slim http://www.loc.gov/standards/marcxml/schema/MARC21slim.xsd"
    xmlns="http://www.loc.gov/MARC21/slim">

  <leader>02048    a2200217   4500</leader>
  <controlfield tag="001">39772</controlfield>
  <controlfield tag="005">20260407155654.0</controlfield>
  <controlfield tag="008">260407a1962    arg                 spa d</controlfield>
  <controlfield tag="003">AR-UNSa-BCEJYS</controlfield>
  <datafield tag="040" ind1=" " ind2=" ">
    <subfield code="a">AR-UNSa-BCEJYS</subfield>
    <subfield code="b">spa</subfield>
    <subfield code="c">AR-UNSa-BCEJYS</subfield>
  </datafield>
  <datafield tag="080" ind1=" " ind2=" ">
    <subfield code="a">913(4)</subfield>
    <subfield code="x">Geograf&#xED;a de Europa</subfield>
  </datafield>
  <datafield tag="245" ind1="1" ind2="0">
    <subfield code="a">Geograf&#xED;a din&#xE1;mica</subfield>
    <subfield code="p">General, Asia y Africa</subfield>
  </datafield>
  <datafield tag="264" ind1=" " ind2="1">
    <subfield code="a">Buenos Aires :</subfield>
    <subfield code="b">Kapelusz</subfield>
    <subfield code="c">1962</subfield>
  </datafield>
  <datafield tag="300" ind1=" " ind2=" ">
    <subfield code="a">328 p.</subfield>
    <subfield code="c">24 cm.</subfield>
  </datafield>
  <datafield tag="505" ind1=" " ind2=" ">
    <subfield code="a">Geograf&#xED;a f&#xED;sica : 1. La Tierra en el Universo - 2. La orientaci&#xF3;n - 3. El dia, la noche, la hora - 4. Las estaciones - 5. Las cartas geogr&#xE1;ficas - 6. Las rocas - 7. La construcci&#xF3;n del relieve - 8. Volcanes y temblores de tierra - 9. La destrucci&#xF3;n del relieve - 10. Los cursos de agua - 11. Glaciares y lagos - 12. Mares y oc&#xE9;anos - 13. Las costas - 14. El clima: temperatura y vientos - 15. Lluvias y clima - La vida en la superficie del globo : 16. Vegetales y animales - 17. Los grandes zonas de vida - 18. Los hombres en los paises c&#xE1;lidos - 19. Ls hombres en los pa&#xED;ses secos - 20. Los hombres en los pa&#xED;ses fr&#xED;os - 21. Los hombres en las regiones templadas - 22. Casas y pueblos de las regiones templadas - 23. Las ciudades - 24. La producci&#xF3;n de materias primas - 25. Artesan&#xED;as e industria - 26. La circulaci&#xF3;n - Las grandes etapas en el descubrimiento de la Tierra: 27. El hombre en el Universo - 28. El descubrimiento de la Tierra en la Antig&#xFC;edad y en la edad media - 29. El descubrimeinto de la Tierra entre los siglos XVI y XIX - 30. Las expediciones modernas - Asia: 31. Relieve - 32. Clima y vegetaci&#xF3;n - 33. Poblaci&#xF3;n - 34. Asia occidental - 35. India, Celi&#xE1;n y Paquist&#xE1;n - 36. El mundo chino - 38. Jap&#xF3;n y Corea - 39. Insulindia - 40. Indochina - Africa: 41. Relieve y Clima - 42. Poblaci&#xF3;n - 43. &#xC1;frica occidental y central - 44. &#xC1;frica austral - 45. &#xC1;frica oriental - 46. Egipto, Libia y Sud&#xE1;n</subfield>
  </datafield>
  <datafield tag="942" ind1=" " ind2=" ">
    <subfield code="c">BK</subfield>
  </datafield>
  <datafield tag="590" ind1=" " ind2=" ">
    <subfield code="a">niveau_biblio:m niveau_hierar:0</subfield>
  </datafield>
  <datafield tag="100" ind1="1" ind2=" ">
    <subfield code="a">Perpillou, Aime Vincent</subfield>
  </datafield>
  <datafield tag="700" ind1="1" ind2=" ">
    <subfield code="a">Pernet, Lucien</subfield>
  </datafield>
  <datafield tag="700" ind1="1" ind2=" ">
    <subfield code="a">Rampa, Alfredo C&#xE9;sar</subfield>
  </datafield>
  <datafield tag="999" ind1=" " ind2=" ">
    <subfield code="c">3105</subfield>
    <subfield code="d">3105</subfield>
  </datafield>
  <datafield tag="952" ind1=" " ind2=" ">
    <subfield code="0">0</subfield>
    <subfield code="1">0</subfield>
    <subfield code="4">0</subfield>
    <subfield code="7">0</subfield>
    <subfield code="a">BCEJYS</subfield>
    <subfield code="b">BCEJYS</subfield>
    <subfield code="c">16</subfield>
    <subfield code="d">2026-04-07</subfield>
    <subfield code="l">0</subfield>
    <subfield code="o">913(4) P426</subfield>
    <subfield code="p">L20902</subfield>
    <subfield code="r">2026-04-07 15:56:54</subfield>
    <subfield code="w">2026-04-07</subfield>
    <subfield code="y">L</subfield>
  </datafield>
</record>
